Normal view
MARC view
- Computer simulation
Entry Topical Term
001 - CONTROL NUMBER
- control field: 50768
003 - CONTROL NUMBER IDENTIFIER
- control field: NUST
005 - DATE AND TIME OF LATEST TRANSACTION
- control field: 20210314134801.0
008 - FIXED-LENGTH DATA ELEMENTS
- fixed length control field: 210314|| aca||aabn | a|a d
040 ## - CATALOGING SOURCE
- Original cataloging agency: NUST
- Transcribing agency: NUST
150 ## - HEADING--TOPICAL TERM
- Topical term or geographic name entry element: Computer simulation
- General subdivision: Juvenile literature
670 ## - SOURCE DATA FOUND
- Source citation: Work cat.: (NUST): Yamin, Tughral. 1533, Cyber space :, 2014.
